000 00691 a2200205 4500
020 _a9971512041
040 _aDLC
_bDLC
082 0 0 _a621.31/042
100 1 _aSen, P. C.
245 1 0 _aPrinciples of electric machines and power electronics
_cP.C. Sen.
250 _a2nd ed.
260 _aNew York :
_bJohn Wiley & Sons,
_cc1997.
300 _axxi, 615 p. :
_bill. ;
_c25 cm.
500 _aIncludes index.
650 0 _aElectric machinery.
650 0 _aPower electronics.
856 4 2 _3Publisher description
_uhttp://www.loc.gov/catdir/description/wiley033/96047305.html
856 4 2 _3Table of Contents
_uhttp://www.loc.gov/catdir/toc/onix04/96047305.html
942 _cBK
_k621.31042 SEN
_2ddc
999 _c4503
_d4503